00655nam a2200205 a 450000100060000000300080000600500170001400800410003103500190007204000270009104100080011808200280012610000350015424500690018926000410025830000350029950400300033461000290036465100560039342213BD-RjUL20211209053516.0160611s1956 ne b b 000 0 eng d a(BD-RjUL)42331 aANLbengcANLdBD-RjUL aeng 223a341.23546bKHU 19561 aKhan, Mohammed Matainur Rahman14aThe United Nations and Kashmir /cMohammed Matainur Rahman Khan  aGroningen : bJ. B. Wolters, c1955  aviii, 213 p. :bill. ;c23 cm. aBibliography: p. 204-213.20aUnited NationszKashmir. 0aJammu and Kashmir (India)xPolitics and government.